Normal view
MARC view
Entry Topical Term
001 - CONTROL NUMBER
- control field: 49699
003 - CONTROL NUMBER IDENTIFIER
- control field: ARRUPE
005 - DATE AND TIME OF LATEST TRANSACTION
- control field: 20200318105131.0
008 - FIXED-LENGTH DATA ELEMENTS
- fixed length control field: 200318|| aca||aabn | a|a d
040 ## - CATALOGING SOURCE
- Original cataloging agency: ARRUPE
- Transcribing agency: ARRUPE
150 ## - HEADING--TOPICAL TERM
- Topical term or geographic name as entry element: Medico-Missionary Association for Women (AFMM)
670 ## - SOURCE DATA FOUND
- Source citation: Work cat.: (ARRUPE): Cappelli, Quinto 49697, I fiori di Dio, 2013